[Event "Rohde op 07th"]
[Site "Sautron"]
[Date "2007.10.28"]
[Round "2"]
[White "Secher, Daniel"]
[Black "Grimal, Richard"]
[Result "0-1"]
[WhiteElo "1858"]
[BlackElo "1600"]
[PlyCount "102"]
[EventDate "2007.10.27"]
[EventType "swiss"]
[EventRounds "9"]
[EventCountry "FRA"]
[SourceTitle "EXT 2008"]
[Source "ChessBase"]
[SourceDate "2007.11.25"]
[SourceVersion "1"]
[SourceVersionDate "2007.11.25"]
[SourceQuality "1"]

1. e4 d6 2. d4 g6 3. Nf3 Bg7 4. Be2 Nf6 5. Nc3 0-0 6. h3 b6 7. Nh2 Bb7 8. f3 Nh5 9. Bc4 e6 10. Be3 d5 11. Bb3 dxe4 12. Nxe4 Bxe4 13. fxe4 Qh4+ 14. Kd2 Qxe4 15. Qf3 Qxf3 16. Nxf3 Rd8 17. c3 Nd7 18. Kc2 Ng3 19. Rhe1 Nf6 20. Bf4 Nf5 21. Bxc7 Rd7 22. Bf4 Rc8 23. Rad1 Nd5 24. Bc1 Rdd8 25. g4 Nfe7 26. Rf1 h6 27. Kb1 Nc6 28. a3 Na5 29. Ba2 Nc4 30. Rfe1 a6 31. Bb3 Nxa3+ 32. Ka2 Nc4 33. Re2 b5 34. Rde1 b4 35. Bxc4 Rxc4 36. Nd2 Rcc8 37. c4 Nf4 38. Re4 Nd3 39. Rd1 Nxc1+ 40. Rxc1 Rxd4 41. Rxd4 Bxd4 42. b3 Be3 43. Rd1 Rd8 44. c5 Rxd2+ 45. Rxd2 Bxd2 46. Kb1 Bf4 47. Kc2 Kf8 48. Kd3 Ke7 49. Kc4 a5 50. Kb5 Bc7 51. Kc6 Kd8 0-1

[Event "Gorges op 15th"]
[Site "Gorges"]
[Date "2005.07.??"]
[Round "1"]
[White "Grimal, Richard"]
[Black "Martinez, Jean Philippe"]
[Result "0-1"]
[WhiteElo "1600"]
[BlackElo "2063"]
[PlyCount "20"]
[EventDate "2005.07.??"]
[EventType "swiss"]
[EventRounds "7"]
[EventCountry "FRA"]
[SourceTitle "EXT 2006"]
[Source "ChessBase"]
[SourceDate "2005.11.24"]
[SourceVersion "1"]
[SourceVersionDate "2005.11.24"]
[SourceQuality "1"]

1. d4 Nf6 2. Nf3 c5 3. c3 g6 4. e3 Bg7 5. Bd3 0-0 6. Nbd2 b6 7. 0-0 Bb7 8. dxc5 bxc5 9. e4 Qc7 10. Re1 Nc6 0-1